banner-ar

بنو اسرائيل واليهود : (Record no. 8134)

MARC details
000 -الفاتح
حقل البيانات ثابتة الطول 00797nam a2200229Ia 4500
008 - عناصر البيانات ثابتة الطول - معلومات عامة
حقل البيانات ثابتة الطول 140319s9999 xx 000 0 ara d
040 ## - مصدر الفهرسة
وكالة الفهرسة الأصلية GCL /
وكالة النسخ GCL
082 04 - رقم تصنيف ديوى العشرى
رقم التصنيف 956.903
رقم المادة م ب
100 1# - المدخل الرئيسى - إسم شخصى
الإسم الشخصى محمد احمد كنعان
245 10 - بيان العنوان
العنوان بنو اسرائيل واليهود :
بقية العنوان تاريخ ومصير /
بيان المسئوليه,etc محمد احمد كنعان
250 ## - بيان الطبعة
بيان الطبعة الثالثة
260 ## - PUBLICATION, DISTRIBUTION, ETC. (IMPRINT)
تاريخ النشر أو التوزيع 2002
300 ## - الوصف المادى
التعداد 159 ص ؛
أبعاد الوعاء 18 سم
650 04 - المدخل الاضافى بالموضوع-مصطلح موضوعى
مصطلح موضوعي النزاع العربى الاسرائيلى
650 04 - المدخل الاضافى بالموضوع-مصطلح موضوعى
مصطلح موضوعي الصهيونية
650 04 - المدخل الاضافى بالموضوع-مصطلح موضوعى
مصطلح موضوعي اليهودية والدولة
650 04 - المدخل الاضافى بالموضوع-مصطلح موضوعى
مصطلح موضوعي اليهود - تاريخ
650 04 - المدخل الاضافى بالموضوع-مصطلح موضوعى
مصطلح موضوعي اليهود - مستعمرات
650 04 - المدخل الاضافى بالموضوع-مصطلح موضوعى
مصطلح موضوعي الكنيسة واليهودية
942 ## - عناصر المدخل الإضافي( كوها)
مصدر التصنيف او مخطط الترفيف Dewey Decimal Classification
Koha [default] item type كتاب
260 ## - PUBLICATION, DISTRIBUTION, ETC. (IMPRINT)
-- بيروت :
-- دار البشائر الاسلامية ،
Holdings
حالة التراجع حالة الفقد حالة تلف ليس للاعارة المكان المؤقت الموقع الحالى تاريخ الاكتساب اجمالي اﻻعارات رقم الطلب الباركود تاريخ اخر مشاهدة تاريخ تفعيل السعر نوع وعاء كوها
        مكتبة القاهرة الكبرى مكتبة القاهرة الكبرى 03/26/2014   956.903\م ب 16844 03/26/2014 03/26/2014 كتاب
        مكتبة القاهرة الكبرى مكتبة القاهرة الكبرى 03/26/2014   956.903\م ب 16845 03/26/2014 03/26/2014 كتاب
        مكتبة القاهرة الكبرى مكتبة القاهرة الكبرى 03/26/2014   956.903\م ب 16846 03/26/2014 03/26/2014 كتاب
        مكتبة القاهرة الكبرى مكتبة القاهرة الكبرى 03/26/2014   956.903\م ب 16847 03/26/2014 03/26/2014 كتاب
        مكتبة القاهرة الكبرى مكتبة القاهرة الكبرى 03/26/2014   956.903\م ب 16848 03/26/2014 03/26/2014 كتاب

Powered By

EGPV